000 00892na a2200289 4500
001 24347
003 MIRAKIL
005 20181213155251.0
008 180919b tu 000 0
020 _a9789758112627
040 _aMilas
_btur
_cTR-AnCHP
041 _atur
082 _a321.8
_bA92a 2009
090 _a321.8 A92a 2009
100 _aAydın, Suavi
245 _a "Amacımız devletin bekası"
_bDemokratikleşme sürecinde devlet ve yurttaşlar
_cSuavi Aydın
246 _aDemokratikleşme sürecinde devlet ve yurttaşlar
250 _a3. bs.
260 _aİstanbul
_bTESEV Yayınları
_c2009
_fsena ofset
300 _a140 s.
_c23 sm.
504 _aKaynakça var
650 _avatandaşlar
_xTürkiye
650 _aSiyaset ve yönetim
_xTürkiye
650 _aDemokrasi
_xTürkiye
740 _aDemokratikleşme sürecinde devlet ve yurttaşlar
942 _2ddc
_cBKS
999 _c9551
_d9551